000 01081nam a2200277 i 4500
001 103288
003 ES-MaACL
005 20250624062922.0
007 t|
008 060215s1967 sp ||||1| spa d
080 _a75 Blasco, Arcadio (083.82)
100 1 _aBlasco, Arcadio.
_929363
245 1 0 _aArcadio Blasco
_b: [exposición, Sala de Santa Catalina del Ateneo de Madrid, octubre y noviembre de 1967] /
_c[texto: José Hierro... et al.].
260 _a[Madrid] :
_bPublicaciones Españolas,
_c[1967]
300 _a[16] p. :
_bil. ;
_c28 cm.
490 1 _aCuadernos de arte. Colección ordinaria ;
_v240
600 1 4 _aBlasco, Arcadio-
_vExposiciones.
_929364
610 2 7 _aAteneo de Madrid-
_vExposiciones-
_y1960-1969.
_91920
655 7 _2tgfbne
_9193628
_aCatálogos de exposiciones
700 1 _aHierro, José,
_d1922-2002
_963619
710 2 _aAteneo de Madrid.
_bSala de Santa Catalina.
_91964
830 0 _aCuadernos de arte. Colección ordinaria
_v240
_9180064
852 _aES-MaACL
_j2202-F-8
_bR.137142
942 _2udc
999 _c103288
_d103288